000
00395nam a22001697a 4500
003
MPLRDC
005
20220104143558.0
008
210129b ||||| |||| 00| 0 eng d
082
_a
855 LHM-3
100
_a
林怀民著
245
_a
说舞
_c
250
_a
六版
260
_a
_b
远流出版公司
_c
1982
300
_b
平
650
_a
散文;随笔、日记
942
_c
BK
_o
855 LHM-3
999
_c
41285
_d
41275